Κατάλογος Βιβλιοθηκών Mediterranean College

Εταιρίες Προσωρινής Απασχόλησης / Η Επίδραση στην Αγορά Εργασίας (Record no. 1349)

MARC details
000 -LEADER
fixed length control field 01331cam a22001934a 4500
005 - ΗΜΕΡΟΜΗΝΙΑ ΚΑΙ ΩΡΑ ΤΕΛΕΥΤΑΙΑΣ ΕΝΗΜΕΡΩΣΗΣ
Πεδίο ελέγχου 20250605164006.0
008 - FIXED-LENGTH DATA ELEMENTS--GENERAL INFORMATION
Πεδίο ελέγχου σταθερού μήκους 250528s ||||||||||||||||||||||||d
035 ## - SYSTEM CONTROL NUMBER
System control number 15797
020 ## - ISBN
ISBN 9602723521
040 ## - ΠΗΓΗ ΚΑΤΑΛΟΓΟΓΡΑΦΗΣΗΣ
Φορέας πρωτότυπης καταλογογράφησης MC Athens Campus Library
Γλώσσα καταλογογράφησης Ελληνικά, Μοντέρνα (1453-)
Modifying agency MC Athens Campus Library
Κανόνες περιγραφικής καταλογογράφησης AACR2
245 1# - ΤΙΤΛΟΣ ΚΑΙ ΔΗΛΩΣΗ ΥΠΕΥΘΥΝΟΤΗΤΑΣ
Τίτλος Εταιρίες Προσωρινής Απασχόλησης / Η Επίδραση στην Αγορά Εργασίας
260 ## - PUBLICATION, DISTRIBUTION, ETC.
Name of publisher, distributor, etc. Εκδοτικές Επιχειρήσεις "Το Οικονομικό",
Date of publication, distribution, etc. 2006
300 ## - PHYSICAL DESCRIPTION
Extent 208
520 ## - SUMMARY, ETC.
Summary, etc. Πρόλογος, Περιεχόμενα, Συντομογραφίες, Εισαγωγή, Η Διαχρονική Εξέλιξη και η Έννοια των Ιδιωτικών Υπηρεσιών Απασχόλησης, Η Συμβολή των ΕΠΑ στη Μείωση της Διαρθρωτικής Ανεργίας - N.A.I.R.U. στην ΕΕ και τις ΗΠΑ, Το Θεσμικό Πλαίσιο για την Προσωρινή Απασχόληση στην Ευρωπαϊκή Ένωση, Συμπεράσματα - Ενδεικτικές Προτάσεις Μέτρων Πολιτικής, Βιβλιογραφία, Πηγές, Ευρετήριο, Βιογραφικό Σημείωμα.
700 1# - ΠΡΟΣΘΕΤΗ ΑΝΑΓΡΑΦΗ--ΦΥΣΙΚΟ ΠΡΟΣΩΠΟ
Personal name Αγραπίδας Κωνσταντίνος
9 (RLIN) 1783
942 ## - ADDED ENTRY ELEMENTS (KOHA)
Koha item type Books
Holdings
Τύπος τεκμηρίου Βιβλιοθήκη Τρέχουσα τοποθεσία Barcode Αριθμός εισαγωγής Ημερομηνία απόκτησης Ταξιθετικό σύμβολο Αριθμός αντιτύπου Κατάσταση απόσυρσης Κατάσταση χαμένου Κατάσταση κατεστραμμένου Μη δανεισμός Σύνολο δανεισμών Ημερομηνία τελευταίας εμφάνισης Η τιμή ισχύει από
Books MC Athens Campus Library MC Athens Campus Library 9780000013484 2175 05/06/2025 331.1294 AGR 1           05/06/2025 05/06/2025

MC Athens Campus Library
Πατησίων 94 & Κοδριγκτώνος 13, 104 34
Πελλήνης 8 & Πατησίων 107, 112 51
Τ: +30 210 8899600

MC Thessaloniki Campus Library
Ίωνος Δραγούμη 21, 54625 | Ίωνος Δραγούμη 15, 54625
Τ: +30 2310 287779 – Τ: +30 2314 440300